Tóm tắt niên biểu lịch sử Việt Nam

v...v

Đã lưu trong:
Chi tiết thư mục
Tác giả chính: Hà Văn Thư
Tác giả khác: Trần, Hồng Đức, 1937-
Định dạng: Sách
Ngôn ngữ:Vietnamese
Năm xuất bản: H. Văn hóa Thông tin 1996
Chủ đề:
Tags: Thêm thẻ
Không có thẻ, Hãy là người đầu tiên gắn thẻ bản ghi này!
LEADER 01254nam a2200325 a 4500
001 4504340
005 20161012153036.0
008 970523s1996 vm b f000 0cvie
040 |a DLC  |c DLC 
042 |a lcode 
043 |a a-vt--- 
050 0 0 |a DS556.5  |b .H3 1996 
082 |a 959.7  |b H100V 
100 1 |a Hà Văn Thư 
245 1 0 |a Tóm tắt niên biểu lịch sử Việt Nam   |c Hà Văn Thư, Trần Hồng Đức 
260 |a H.  |b Văn hóa Thông tin  |c 1996 
300 |a 196 tr.  |c 19 cm 
520 |a v...v 
651 0 |a Vietnam  |x History  |x Chronology. 
651 0 |a Vietnam  |x Biography. 
653 |a Lịch sử 
653 |a Tóm tắt  
653 |a Niên biểu 
700 1 |a Trần, Hồng Đức,  |d 1937- 
906 |a 7  |b cbc  |c origode  |d 3  |e ncip  |f 19  |g y-gencatlg 
942 |2 ddc  |c STK0 
955 |a wj07; yk06 08-08-97; yk05 08-16-97 
999 |c 2682  |d 2682 
952 |0 0  |1 0  |2 ddc  |4 0  |6 959_700000000000000_H100V  |7 1  |8 900  |9 32927  |a qbu  |b qbu  |c D5  |d 2014-12-14  |g 15000  |o 959.7 H100V  |p 4242.C1  |r 0000-00-00  |w 2014-12-14  |y STK0  |0 0  |6 959_700000000000000_H100V 
952 |0 0  |1 0  |2 ddc  |4 0  |6 959_700000000000000_H100V  |7 0  |8 900  |9 32928  |a qbu  |b qbu  |c D5  |d 2014-12-14  |g 15000  |l 2  |o 959.7 H100V  |p 4242.C2  |r 2016-10-19  |s 2016-10-17  |w 2014-12-14  |y STK0  |0 0  |6 959_700000000000000_H100V